000 00778nam a22002057a 4500
999 _c10788
_d10788
003 AR-CdUCM
008 190402b ||||| |||| 00| 0 spa d
040 _aMUNICIPALIDAD PROVINCIAL DEL CUSCO
_cBIBLIOTECA MUNICIPAL DEL CUSCO
082 _aES / 371.26 /
_bO59
100 _aOraison, Marc
_92727
245 _aUna educación moral dinámica :
_bcambios de perspectiva necesarios /
260 _aMadrid :
_bEdit. Fax Marova,
_c1972.
300 _a131 páginas ;
_c18 cm.
505 _aContenido: Punto de partida -- Juventud, banderas de búsqueda -- La moral, ciencia incierta -- Los falsos valores -- El amor, valor ultimo...
650 _aEducación moral
_93587
650 _aLiteratura juvenil
_91580
650 _aEscolar
_94628
942 _2ddc
_cLIBROS
945 _adavv